[Event "DSOL 07 Liga Gr-D 1st"]
[Site "Playchess.com INT"]
[Date "2020.06.24"]
[Round "1.4"]
[White "Forstner, Ingo"]
[Black "Moeller, Horst"]
[Result "0-1"]
[WhiteElo "1127"]
[BlackElo "1402"]
[PlyCount "44"]
[EventDate "2020.06.22"]
[EventType "team-tourn (rapid)"]
[EventCountry "GER"]
[SourceTitle "EXT 2021"]
[Source "ChessBase"]
[SourceDate "2020.10.23"]
[SourceVersion "1"]
[SourceVersionDate "2020.10.23"]
[SourceQuality "1"]
[WhiteTeam "Lachendorf"]
[BlackTeam "Ratzeburg"]
[WhiteTeamCountry "GER"]
[BlackTeamCountry "GER"]

1. e4 e5 2. Nf3 d6 3. Nc3 Nf6 4. d3 Be7 5. Be2 0-0 6. 0-0 Bg4 7. h3 Bh5 8. Bg5 Nbd7 9. Nd5 Nxd5 10. exd5 Bxg5 11. Nxg5 Bxe2 12. Qxe2 Qxg5 13. c4 Nf6 14. b4 a6 15. a4 Rac8 16. b5 Nh5 17. Qf3 Nf4 18. Rae1 Qh5 19. Qe3 axb5 20. axb5 Ra8 21. d4 f6 22. dxe5 fxe5 0-1